000 00833nam a2200277 a 4500
001 34506
003 BD-RjUL
005 20211209052153.0
008 140517s1963 xx 001 0 eng
035 _a(BD-RjUL)34600
040 _aDLC
_cOHI
_dm.c
_dBD-RjUL
_beng
041 _aeng
082 _a306.85
_bBUF 1963
100 1 _aBurgess, E. W.
_q(Ernest Watson),
_d1886-1966.
_941256
245 1 4 _aThe family :
_bfrom institution to companionship /
_c[by] Ernest W. Burgess
250 _a3rd ed.
260 _aNew York :
_bAmerican Book Co,
_c1963.
300 _axiv, 582 p ;
_c23 cm
490 0 _aAmerican sociology series
504 _aIncludes bibliographies and index.
650 0 _aFamilies.
_9104957
700 _aHarvey J. Locke
_9104958
700 _aMary Margaret Thomes
_9104959
942 _2ddc
_cBK
999 _c34506
_d34506